| 000 | 00371nam a2200145Ia 4500 | ||
|---|---|---|---|
| 008 | 150201s2006 xx 000 0 und d | ||
| 082 |
_a612 _bT2006P |
||
| 100 | _aTORTORA,GERARD J. | ||
| 245 | 2 | _aA BRIEF ATLAS OF THE SKELTON.S.ANATOMY | |
| 250 | _a11TH | ||
| 260 |
_bWILEY BLACKWELL PUBLISHING _aDELHI _c2006 |
||
| 300 | _aJan-71 | ||
| 650 | _aANATOMY | ||
| 942 |
_2ddc _cBK |
||
| 999 |
_c3490 _d3490 |
||